[Event "Toronto Senior"]
[Site "?"]
[Date "2023.12.14"]
[Round "9"]
[White "Barron, Michael"]
[Black "Malakhovets, Sergey"]
[Result "1-0"]
[WhiteElo "2286"]
[BlackElo "2181"]
[Annotator "John Upper"]
[PlyCount "71"]
[SourceVersionDate "2024.01.27"]

{The top two rated players met in the final round.
Sergey won his first six games and had the tournament wrapped up before
playing top seed IM Michael Barron. Michael also scored 6-0 against the bottom
half of the table, but also had a couple of losses.} 1. e4 c5 2.
Nf3 Nc6 3. d4 cxd4 4. Nxd4 Nf6 5. Nc3 e5 6. Ndb5 d6 7. Nd5 {[#]  Caruana tried
this four times against Carlsen in their World Championship match. He got a
winning position in one, but ended up drawing 3 and losing one in the
tie-break.} ({The mainline goes} 7. Bg5 a6 8. Na3 b5 9. Nd5 Be7 10. Bxf6 Bxf6 {
with 24,000 games in the MegaBase.}) 7... Nxd5 8. exd5 Ne7 ({Carlsen played
both this and} 8... Nb8 {twice in the Caruana match. In either case, White
typically plays on the queenside, either with a pawn storm or dropping minor
pieces on the weak squares, while Black tries to do something on the kingside
with ...f5. The difference is that 8... Nb8 helps Black hold the queenside,
while 8...Ne7 is supposed to help Black on the kingside.}) 9. c3 Nf5 (9... Ng6
{looks more natural, but with less defence of the d6 pawn White forces
concessions with} 10. Qa4 $1 Bd7 11. Qc4 Rc8 12. Qb4 $16 {if the N was on f5
here, d6 would be defended and Black could go ...a6 with a good game.}) 10. a4
Be7 11. Bd3 O-O 12. O-O {[#]} Bd7 {If Black isn't going to play ...b5 then
this doesn't help, since it can make it harder to defend d6.} ({A few days
later, a top GM game continued:} 12... Nh4 13. f4 a6 14. Na3 exf4 15. Bxf4 Ng6
16. Bxg6 $6 hxg6 17. Nc4 Qc7 18. b3 b6 19. Be3 Rb8 20. Bd4 Bg5 21. Nd2 Re8 22.
c4 Be3+ $1 23. Bxe3 Rxe3 24. Re1 Qc5 $15 {Erigaisi,A (2727)-Predke,A (2689)
Chennai 2023 (3) 1-0}) 13. Kh1 (13. Re1 a6 14. Na3 b5 15. axb5 axb5 16. Bd2 Qb6
17. Qb3 Rfb8 18. Nxb5 Rxa1 19. Rxa1 Bxb5 20. Bxf5 Qc7 21. Qd1 Bc4 22. Bc1 g6
23. Bd3 $1 $16 {Huschenbeth,N (2608)-Abasov,N (2638) POL-chT Ekstraliga 2021 
(4.2) 1-0 If Sveshnikov players wanted to defend a difficult endgame, they'd
play 1...e5.}) ({Here's a game Black might have seen when preparing:} 13. Qc2
g6 14. f4 a6 15. Na3 Rc8 (15... b5 $1) 16. Nc4 {Analysis Diagram [#]} Re8 (
16... e4 $142 $1 17. Be2 h5 $1 $15 {here's the kind of action that keeps
attracting fans to the Sveshnikov:} 18. Qxe4 $140 Re8 19. Qd3 Bh4 $1 20. g3
Rxc4 $3 $19 21. Qxc4 Bxg3 $3 22. hxg3 Nxg3 23. Rf2 Qh4 $19) 17. Qf2 e4 $1 18.
Be2 b5 19. axb5 axb5 20. Ne3 b4 21. cxb4 Nd4 $1 22. Ba6 Ra8 23. Nc4 Nb3 24. Ra3
Rxa6 $1 25. Rxb3 $1 (25. Rxa6 $2 Qc8 $1 $19) 25... Bb5 26. Na3 $2 (26. Rc3 Bf6
27. Rc2 $15 Ra4 $5 28. Bd2 $2 e3 $1 $19) 26... Bxf1 27. Qxf1 Qa8 $1 $19 {
Barron,M (2127)-Sokolin,L (2464) WchT Seniors 50 2022 (5.2) 0-1}) 13... a6 14.
Na3 {[#]} Nh4 $146 {In the game, Black closes the kingside and the N turns out
to be a liability here, but it could have been redeployed via g6.} (14... b5 {
looks like the consistent way to play, preventing Nc4.}) (14... Bg5 $5) 15. f4
f5 (15... exf4 $14 {planning ...Ng6-e5 is a reasonable alternative, as in
Erigaisi-Predke (above).}) 16. Nc4 {[#]} e4 $2 {After the game both players
focused on this as being a critical error, after which Black can't get any
kingside play since his f5 and e4 pawns are taking squares his pieces need.} (
16... Ng6 $142 $14) 17. Be2 b5 18. axb5 Bxb5 (18... axb5 19. Rxa8 Qxa8 20. Nb6
Qb7 21. Nxd7 Qxd7 22. Qb3 Rb8 23. c4 $18 {wins a pawn that's supported by the
B-pair.}) 19. Be3 {[#]} Rf6 $2 (19... Bxc4 $142 20. Bxc4 a5 {is unpleasant for
Black, but the game line loses the queenside immediately.}) 20. Nb6 $18 Rb8 (
20... Bxe2 21. Qxe2 {and White wins the a-pawn for free anyway.}) 21. c4 $8 $18
Be8 22. Rxa6 g5 {Desperation. If Black does nothing White will simply go b4
and c5.} 23. fxg5 Rg6 24. g3 $1 Bxg5 {[#]} 25. Bd4 $1 {the simplest: secure
the Nb6 and leave the Nh4 for later.} (25. Bxg5 {wins, but who wants an easy
win to turn into a race?} Qxg5 26. c5 $1 dxc5 27. d6 $8 $18 Bc6 $5) 25... Nf3
26. Bxf3 exf3 27. Qxf3 f4 {The f4 pawn is pinned to mate on f8, so White
ignores it.} 28. b4 Qe7 29. gxf4 Bf6 30. Qe3 Qf7 31. Bxf6 Qxf6 {[#]} 32. f5 $1
Qf8 (32... Rg5 33. Qe6+ $18) 33. Ra7 Rf6 34. c5 dxc5 35. Qg3+ {Forking b8.} Bg6
{Defending with the pin.} 36. Nd7 $1 {Black's K and Ph7 are the only pieces
that aren't (currently) hanging. A very smooth win by Michael, and Sergey's
only loss of the tournament.} 1-0

[Event "Canadian Senior 50+"]
[Site "Etobicoke CAN"]
[Date "2023.08.06"]
[Round "5.10"]
[White "Malakhovets, Sergey"]
[Black "Duong, Thanh Nha"]
[Result "1-0"]
[WhiteElo "2119"]
[BlackElo "2252"]
[Annotator "John Upper"]
[PlyCount "74"]
[EventDate "2023.08.04"]
[EventType "swiss"]
[EventRounds "7"]
[EventCountry "CAN"]
[SourceVersionDate "2024.01.27"]

{Sergey played the London in all his
games in the Toronto Senior, scoring 4.5/5. Here is a smooth win over and IM
from the 2023 Canadian Seniors 50+, where he finished =2nd-4th with FMs Jura
Ochkoos and Ian Findlay.} 1. d4 Nf6 2. Bf4 b6 3. e3 Bb7 4. Nf3 g6 5. Be2 Bg7 {
[#]} 6. h3 {A standard idea in London lines vs ...d5: White wants to keep the
DSB if Black should chase it. Another way of dealing with attacks on the Bf4
is shown in the Eric Prie game below:} (6. O-O O-O 7. c4 $1 {Not dogmatically
insisting on a London with c3.} d6 8. Nc3 Nbd7 9. Qc2 Nh5 10. Bg5 h6 11. Bh4 c5
$6 12. d5 {Analysis Diagram [#] The IM playing Black has a very bad Benoni,
and tries to break out by forcing off White's DSB, but gets cut to ribbons by
his GM opponent's accurate attack:} g5 $2 (12... Ndf6 13. Nd2 g5 14. Qd1 $14)
13. Bxg5 $1 $18 Bxc3 (13... hxg5 14. Nxg5 Nhf6 15. f4 $1 $18 {Romero, "The
Agile London" (NiC, 2016).}) 14. bxc3 hxg5 15. Nxg5 Nhf6 16. f4 $1 Kg7 17. Rf3
$1 Rg8 18. Rg3 $1 Kf8 19. Qh7 $1 Rxg5 20. Qh6+ $8 Ke8 21. fxg5 $1 Ne4 22. Rg4 {
Prie,E (2502)-Dumitrache,D (2467) FRA-chT Top 16 GpA 2010 (6) 1-0 Black goes
even further down on material since the N has no safe squares and ...f5 Qh5+
leads to mate; so}) 6... O-O 7. O-O c5 8. c3 d5 9. Nbd2 Nc6 {[#]} 10. Bh2 $5 {
I don't see the point of this.} (10. Ne5 Nxe5 11. Bxe5 Nd7 12. Bxg7 Kxg7 13. f4
{Nikolic,Z (2445)-Damljanovic,B (2420) YUG-ch sf Bela Crkva 1986 (5) 1/2-1/2})
(10. Qb3 Qc8 (10... Nd7 $5) 11. Rfd1 Ba6 12. Bxa6 Qxa6 13. a4 c4 14. Qc2 Qc8
15. Ne5 Na5 16. Bh2 Qf5 17. Qxf5 gxf5 18. f3 Rfd8 19. g4 $1 $14 {Demchenko,A 
(2641)-Preotu,R (2487) Leon blitz op 33rd 2020 (6) 1-0}) 10... Nd7 11. Qb3 {[#]
} c4 $6 (11... e5 $142 $1 {leaves d5-hanging, but White is in trouble if he
takes it:} 12. Qxd5 $6 (12. dxe5 $11) 12... cxd4 13. exd4 Nxd4 $1 14. Qxb7 Nc5
$1 $17 {traps the Q.} (14... Nxe2+ $15)) 12. Qc2 Nf6 13. a4 Na5 14. b3 $1 cxb3
15. Nxb3 Nc4 16. Nbd2 Nd6 (16... Na5 $5 {and White has to work harder to open
the queenside.}) 17. Qb3 Rc8 $6 18. a5 $16 {[#]White creates a queenside pawn
weakness and piles up on it.} Nfe4 (18... bxa5 $2 19. Bxd6 {hangs the B.} Qxd6
20. Qxb7 Rb8 21. Qa6 $18 {the Q is safe.}) 19. Nxe4 Nxe4 20. Rfc1 Nd6 21. axb6
axb6 (21... Qxb6 $2 22. Qxb6 axb6 23. Bxd6 exd6 24. Ra7 $18 {both Black Bs are
trash.}) 22. Rab1 (22. Ra7 $1 Ra8 23. Rxa8 Bxa8 24. Ra1 $16) 22... Rc6 23. Nd2
Qc8 24. Bf3 e6 {[#]} 25. Qa3 (25. Bxd6 $5 Rxd6 26. c4 Rc6 27. Qb2 $16 {White
has strong queenside pressure, though maybe the 5v4 on the kingside would be
hard to win.}) 25... Nc4 $2 {Loses the b-pawn and leaves White in total
control over the queenside.} (25... Rd8 $14 {and ...Bf8 saves the b-pawn and
makes White work for a way to break through; which isn't so easy:} 26. Qa7 {
wins the pawn, but leaves White tangled} Bf8 (26... Ba6 $5) (26... b5 $5) 27.
Rxb6 Ba6 $5 $13 {threatening ...Nb5.}) 26. Nxc4 Rxc4 (26... dxc4 27. Bxc6 Qxc6
28. f3 $18 {Black has no comp for the exchange.}) 27. Rxb6 (27. Be2 {also
works, trapping the R:} Rc6 28. Bb5 $18) 27... Qa8 28. Qb2 $1 Bc6 29. Bd1 Bd7
30. Ra1 Qc8 {[#]} 31. Bd6 $1 {Trades down and opens h2 for the K, just in case.
} Re8 (31... Rxc3 $2 32. Rb8 $18) 32. Rb8 Qc6 33. Rxe8+ Bxe8 34. Qb8 Bf8 35.
Bxf8 Kxf8 36. Ra7 (36. Ra8 {is close to zugzwang and threatens Be2-b5.}) 36...
Kg7 (36... Rxc3 37. Ba4 $18) 37. Qe5+ Kh6 (37... Kh6 38. g4 {is #2.}) 1-0

[Event "Hart House Reading Week"]
[Site "?"]
[Date "2024.02.19"]
[Round "6"]
[White "Noritsyn, Nikolay"]
[Black "Chiku-Ratte, Olivier Kenta"]
[Result "1-0"]
[WhiteElo "2572"]
[BlackElo "2454"]
[Annotator "John Upper"]
[PlyCount "73"]
[SourceVersionDate "2024.01.27"]

{IM Nikolay Noritsyn won the Hart House Reading
Week Open with an undefeated 5/6, 1/2 a point ahead of IM Mark Plotkin, who
was held to draws by his father Victor and Nikolay in the final two rounds,} 1.
e4 e5 2. Nf3 Nc6 3. Bb5 g6 4. O-O Bg7 5. c3 a6 6. Ba4 Nge7 7. d4 exd4 8. cxd4
b5 9. Bc2 d6 10. d5 Na5 11. Bd2 {[%mdl 32768] [#] Critical Position} c5 $6 {
The game line shows why this is bad.} (11... c6 $5 12. Bc3 (12. Bxa5 $6 Qxa5
13. dxc6 $2 Bxb2 $19) 12... Bxc3 13. Nxc3 O-O $14 {is similar to the game, but
Black has a better chance of getting counterplay against the White center.}) (
11... Nc4 $5 12. Bc3 Bxc3 (12... Nxb2 $4 13. Bxg7 $5 (13. Qe1 $1) 13... Nxd1
14. Bxh8 $18 {White already has a RB for the Q, and the black Nd1 is trapped.})
13. Nxc3 Nxb2 14. Qc1 Nc4 15. Bb3 $14 (15. Qh6 $6 {looks annoying, but} Ng8 $1
16. Qg7 Qf6 $15)) (11... Bxb2 $5 12. Bxa5 Bxa1 13. Nc3 {is a good exchange sac
for White.} Bb2 $8 (13... Bxc3 $2 14. Bxc3 $18 {the dark squares belong to
White.}) 14. Qd2 $14 (14. Qb1 $5)) 12. Bc3 O-O 13. Bxg7 Kxg7 {[#]} 14. h3 $1 {
The game has transposed to a Modern Benoni where Black has activated his
queenside majority with ...b5. The problem for Black is his minor pieces: 1)
the Bg7, normally his most important minor, is missing;  2) the Bc8 has no
future, h2-h3 prevented ...Bg4; 3) the Lopez N on a5 is misplaced.} ({h3 shuts
down the Bc8.} 14. b3 $1 {would put the Na5 on an even worse circuit, where
its best fate would be to defend from f7.}) 14... Nc4 15. b3 Nb6 16. a4 $1 b4
$6 (16... Rb8 $142) (16... f5 $142) 17. a5 $1 {Prevents ...a5 and kicks a
defender of c4. With the queenside stabilized, White is free to push in the
center and kingside. This is positionally winning for White, and the game
shows how.} Nd7 18. Nbd2 {[#]} Bb7 {Black has to pick his poison. In the game
he allows White to methodically build up in the center, and he gets squashed.
Here he could try to break out of the bind with exchanges, but the holes
behind are permanent, and the IM playing White will not be as easily confused
as a club-level player.} (18... f5 $5 19. exf5 Nxf5 20. Nc4 Qf6 21. Bxf5 gxf5
22. Re1 $18 {if Black had time for ...Bb7 and ...Rae8 he'd be OK, but here Re6
comes too soon.}) (18... Ne5 $5 19. Nxe5 $1 dxe5 20. Nc4 f6 21. Qd2 g5 22. Bd1
$18) 19. Nc4 Nc8 20. Qd2 f6 21. Nh2 {[#]} Qe7 (21... Ne5 22. f4 Nxc4 23. bxc4
Ne7 24. Nf3 $18 {and e4-e5 will create a passer and weaken Black's king.}) 22.
f4 Na7 23. Rae1 Nb5 24. Bd1 Rae8 25. Bg4 Nd4 26. Re3 h5 {[#]} 27. Bd1 {
Patience.} (27. Be6 Nxe6 28. dxe6 Qxe6 29. Nxd6 $18) 27... f5 {Desperation,
but Black is losing anyway, and it can't have been fun sitting there watching
White's methodical build up, which would continue with Nf3, removing the Nd4,
Black's only good piece.} 28. exf5 Qf6 {[#]} 29. Re6 $1 {Clearly best, and a
no-brainer at IM level.} Nxe6 30. fxe6 Nb8 {That's a one-way retreat.} 31. Nxd6
Re7 32. f5 gxf5 33. Nxf5+ Qxf5 {Everything else gets mated.} 34. Rxf5 Rxf5 35.
Bf3 Re8 36. Be4 Rff8 37. e7 (37. Qg5+ $1 {was mate-in-2, but the game line is
easily winning.}) 1-0

[Event "Hart House Reading Week"]
[Site "?"]
[Date "2024.02.19"]
[Round "5"]
[White "Yu, Johnathan"]
[Black "Findlay, Ian"]
[Result "1/2-1/2"]
[WhiteElo "2210"]
[BlackElo "2259"]
[Annotator "John Upper"]
[PlyCount "114"]
[SourceVersionDate "2024.01.27"]

{Johnathan Yu plays in a lot of Toronto events,
and FM Ian Findlay, who moved back to Toronto after the pandemic, plays when
the golf courses are snowed under. Both were in contention for prizes on the
last day.  I've included this game because of the surprising number of unusual
tactics that could have decided the game early on, and for its Tragicomic
finish.} 1. e4 c5 2. Nf3 d6 3. Bb5+ Nd7 4. O-O a6 5. Bxd7+ Bxd7 6. d4 cxd4 7.
Qxd4 e5 8. Qd3 h6 {The main line: avoiding Nf6 Bg5.} 9. c4 b5 {[#]} 10. c5 $6 {
Trading the d6 pawn for the e5 pawn while opening the center for Black's
B-pair does not seem like a good idea, especially if White allows the Q trade.
OTOH, White has struggled to prove anything from this position, and top
players have begun to resort to suppporting the c-pawn with 10.Nfd2.} dxc5 11.
Nxe5 Be6 12. Rd1 (12. Qxd8+ Rxd8 13. a4 Bd6 (13... b4 $142 $15) 14. Nc6 Rc8 15.
axb5 axb5 16. Na7 Ra8 17. Nc3 (17. Rd1 $142 $16 Bb8 $2 18. Nc6 $1 $18 {winning
the R or mating on d8.}) 17... Bc4 $4 18. Be3 $2 (18. Naxb5 $3 $18 {more weird
tactics!}) 18... Bxf1 19. Kxf1 Nf6 $11 {Benmesbah,N (2223)-Brunner,N (2418)
Cappelle Online Blitz op 1st 2021 (3) 1-0}) 12... Qxd3 13. Rxd3 Nf6 14. Nc3 c4
$1 (14... b4 15. Nd5 Rc8 $13) 15. Rd1 Bc5 $15 {[%mdl 64] [#]Critical Position
What happens if Nd5?} 16. Nd5 $4 {Hoping to hop into c7?} Nxd5 $2 (16... O-O-O
$142 $19 {and there's no good defence to ...Nxe4.} 17. Nc6 {looks annoying,
but goes nowhere after.} Rd7 (17... Rd6 {works too.}) 18. Ne5 Rd6 {and ...Nxd4.
}) 17. exd5 $11 Rd8 $2 {[#]} (17... Bf5 $142 18. d6 Rd8 19. Bf4 Rxd6 (19...
Bxd6 20. Nc6 $14 Bd3 21. Nxd8 Bxf4 $14) 20. Nxc4 $1 Rxd1+ 21. Rxd1 bxc4 22. Rd5
$11) 18. a4 (18. Be3 $142 $1 $18 {Defends the Rd1 and leaves two Black pieces
hanging.} Bxe3 (18... Bd6 19. Nc6 $1 Rc8 20. Na7 $18 {the R and Be6 are
hanging and all White's pieces are protected.}) 19. dxe6 $18 {and the pawn or
N on f7 wins; e.g.} Rxd1+ 20. Rxd1 Bf4 21. exf7+ Ke7 22. Ng6+ $18) 18... Bxd5
19. axb5 axb5 {[#]} 20. Be3 $2 (20. Nxc4 $3 $11 Bxc4 $2 (20... bxc4 21. Ra5 $11
) 21. Rxd8+ Kxd8 22. Ra8+ $16) 20... Bxe3 $17 21. fxe3 O-O 22. Rd4 Rfe8 23.
Rad1 Rxe5 $8 24. e4 Rd7 25. Rxd5 Rdxd5 26. exd5 {[%mdl 32768] [#] The strange
tactics are over, and we have an endgame. Black is up a pawn, but if it was
White's turn then d5-d6 would force the Black R to defend and enable
counterplay against Black's queenside pawns. But it's Black's move, and after..
.} Kf8 $8 $19 {... the protected passed pawn is stopped by the K, and Black's
R can support the queenside.} 27. d6 Ke8 28. d7+ Kd8 29. Kf2 b4 $1 30. Ra1 Rc5
31. Ke3 Rc7 32. Rc1 c3 33. bxc3 bxc3 (33... Rxc3+ 34. Rxc3 bxc3 35. Kd3 Kxd7
$19 {transposes.}) (33... b3 $2 34. c4 $1 $11) 34. Kd3 Kxd7 35. Rxc3 {[#]}
Rxc3+ $8 {Of course, you'll never win this with Rs on.} 36. Kxc3 Ke6 {#27 is
what my computer says.} 37. Kd4 Kf5 38. Ke3 Kg4 39. Kf2 f5 40. Ke3 g5 41. Kf2
Kf4 42. Ke2 h5 43. Kf2 Ke4 44. Ke2 f4 45. h3 g4 46. hxg4 hxg4 {[#]} 47. Kf2 (
47. g3 fxg3 48. Ke1 Ke3 49. Kf1 Kf3 50. Kg1 g2 51. Kh2 g1=Q+ $1 52. Kxg1 Kg3
$19) 47... Kd3 48. Kf1 {[#]} Ke3 (48... Kd2 {also wins} 49. Kf2 (49. g3 f3 $8
$19) 49... g3+ 50. Kf3 Ke1 51. Kxf4 Kf2 $19) 49. Ke1 f3 ({or} 49... g3 50. Kf1
Kd2 51. Kg1 Ke2 52. Kh1 f3 53. gxf3 Kf2 $19) 50. g3 Kd3 51. Kf1 Kc2 52. Kg1 Kd1
53. Kf1 Kd2 54. Kf2 Kd3 55. Kf1 Ke3 56. Ke1 {[#]} f2+ 57. Kf1 Kf3 $2 {"It was
indeed a draw. Embarrassing how simple the win is after Kd3 Kxf2 Kd2. I had
lots of time. I can only say a senior moment. I wanted to go for lunch :)"  -
FM Ian Findlay, ChessTalk} (57... Kd3 58. Kxf2 Kd2 $1 59. Kf1 Ke3 60. Kg2 Ke2
61. Kg1 Kf3 62. Kh2 Kf2 63. Kh1 Kxg3 64. Kg1 Kh3 65. Kh1 g3 $19) 1/2-1/2

[Event "Hart House Reading Week"]
[Site "?"]
[Date "2024.02.19"]
[Round "6"]
[White "Razin, Vadim"]
[Black "Yu, Johnathan"]
[Result "0-1"]
[WhiteElo "2490"]
[BlackElo "2210"]
[Annotator "John Upper"]
[PlyCount "90"]
[SourceVersionDate "2024.01.27"]

{Vadim Razin (UKR) began with three wins, including a win over
IM OKCR, but then lost to both Plotkins and this game. I've included it
because of the crazy tactics at move 34, and as a second Tragicomic ending.} 1.
d4 Nf6 2. Nf3 e6 3. Bg5 d5 4. e3 h6 5. Bh4 c5 6. c3 Qb6 7. Qb3 Nc6 8. Nbd2 Bd6
9. Be2 cxd4 10. Qxb6 axb6 {[#] I used to play the Slav, and was surprised to
discover that Black actually outperforms White in positions with the doubled
isolated b-pawns and the symmetrical pawn center we'd get here after cxd4.} 11.
exd4 Bd7 12. O-O Ne7 13. Bd3 Nh5 $1 {Eliminates White's DSB.} 14. Rfe1 g5 15.
Bg3 Nxg3 16. hxg3 f6 $15 17. a3 Kf7 (17... b5 $1 {Stops White on the queenside,
and leaves Black free on the kingside.}) 18. c4 h5 19. Rac1 Rac8 20. Rc3 {[#]}
h4 $6 (20... g4 {looks anti-positional, but SF16 seems to love the fact that
White's Nh4 is so badly sidelined.} 21. Nh4 f5 $17) 21. g4 Ng6 22. Rb3 Nf4 23.
Bf1 Bc6 24. Rxb6 (24. g3 $5 hxg3 25. fxg3 Ng6 26. Kg2 $13) 24... dxc4 25. Nxc4
Bc7 26. Rb3 {[#]} Bd5 ({With both Bs pointed at the Kg1 it feels like there
ought to be a way to break through, and there is, but it would be crazy hard
to see long lines like these:} 26... h3 $1 27. g3 (27. gxh3 Kg7 (27... Nxh3+ $2
28. Bxh3 Rxh3 29. Nxg5+ $1 $18) 28. Ncd2 Nxh3+ 29. Bxh3 Rxh3 $17) 27... h2+ $8
$19 28. Kh1 (28. Nxh2 Rxh2 $1 $19) 28... Nh3 29. Bxh3 Rxh3 30. Kg2 h1=Q+ $1 31.
Rxh1 Rxh1 32. Kxh1 b5 33. Ncd2 Ba5 $19 34. Kg1 Bd5 {White is going to lose at
least a N} 35. Rxb5 (35. Re3 Bxd2 36. Nxd2 Rc1+ 37. Nf1 Bc4 $19) 35... Bxd2 36.
Nxd2 Rc1+ 37. Nf1 Rxf1+ $19) 27. Rc3 Bb8 28. Rec1 Rcd8 29. Ncd2 Ke7 30. Re3 h3
31. g3 h2+ 32. Kh1 Nh3 33. Bxh3 Rxh3 34. Ne4 {[%mdl 64] [#] Critical Position
Hooliganism, or safety?} Bf4 $5 {According to Shirov, during post-mortems Tal
would call moves like these "Hooliganism" -- with obvious glee! It's an
excellent try in the opponent's time trouble: with best play White draws,
anything less loses.} (34... Kf7 35. Kg2 Rdh8 36. Rh1 $8 (36. Kh1 Bf4 $1 $19))
(34... Bc6 35. Rxc6 $1 {not the only move, but greatly simplifies White's game.
} bxc6 36. Rb3 $13) 35. gxf4 $8 Rxf3 (35... gxf4 $5 36. Rc7+ (36. Kg2 $4 h1=Q+
$19) 36... Kf8 37. Re1 Rxf3 38. Nxf6 Re3+ 39. Kxh2 Rxe1 40. Nh7+ $11 {down a R,
White saves the game with this well-known repetition.}) 36. Rc7+ (36. Rxf3 $2
Bxe4 37. Rcc3 Rh8 $8 $19 {and ...Rh3.}) (36. Nc3 Rxe3+ (36... Rxf4+ 37. Nxd5+
Rxd5 $11) (36... Bc6 37. d5 $8 Rxe3 $8 $11) 37. Nxd5+ Rxd5 38. fxe3 gxf4 $11)
36... Kf8 $8 $11 {[#] Not allowing Nxf6+xd5.} 37. Rxf3 (37. Kxh2 Rxe3 38. Nxf6
$8 Re2 39. Nh7+ $11 {is the same mechanism as above.}) 37... Bxe4 $8 38. Rcc3
$8 {[#]} Rxd4 $4 (38... gxf4 $11 39. Kxh2 Bxf3 $8 40. Rxf3 e5 $4 (40... Rxd4 $8
$11) 41. dxe5 fxe5 42. Rb3 $18 {e.g.} Rd7 43. Kg2 e4 44. Rb4 Re7 45. f3 $1 $18
{breaks the pawns due to the threat of Rxf4+}) 39. fxg5 $18 Ke7 (39... Kf7 {
leaves the f-pawn pinned after} 40. Kxh2 Bxf3 41. Rxf3 Rxg4 42. Rxf6+ Ke7 43.
f4 $18) 40. gxf6+ Kf7 41. g5 Rd5 {[#]} 42. g6+ $4 {This and White's next are
probably due to the same oversight.} (42. Kxh2 {(or 42.Rc7+ first)} Bxf3 43.
Rc7+ $8 (43. Rxf3 $2 Rxg5 $14) 43... Kf8 (43... Kg6 44. Rg7+ $8 Kh5 45. f7 Kg4
$5 (45... Rd8 46. Rg8 $18) 46. f8=Q Rd1 47. Qxf3+ $18) 44. g6 Rd8 (44... Rh5+
45. Kg3 Rg5+ 46. Kxf3 Rxg6 47. Rxb7 $18) 45. Rh7 $18 (45. Kg3 $18 {slower, but
also winning.})) 42... Kxg6 $14 43. f7 $4 {The K and B can't stop the pawn,
but...} (43. Kxh2 Bxf3 44. Rxf3 Kf7 {White has the better side of a draw.})
43... Rf5 $8 $19 {Stops promotion and wins the R.} (43... Rd8 $4 44. Kxh2 $18 {
Black can win the f7-pawn, but only by trading down to a losing pawn ending.})
44. Kxh2 Bxf3 45. Kg3 Bd5 0-1